مكتبة جامعة عجلون الوطنية

فهرس بحث المكتبة

اثر المهارات الناعمة في تطوير الخدمات في شركات الاتصالات العاملة في الأردن = The impact of Soft Skill Developing Services at Telecomminications Companies in jordan / (Record no. 33684)

MARC details
000 -LEADER
fixed length control field 01124nam a22001937a 4500
003 - CONTROL NUMBER IDENTIFIER
control field JO-AjAnu
005 - DATE AND TIME OF LATEST TRANSACTION
control field 20240918114425.0
008 - FIXED-LENGTH DATA ELEMENTS--GENERAL INFORMATION
fixed length control field 240918b jo ||||| |||| 00| 0 ara d
040 ## - CATALOGING SOURCE
Original cataloging agency JO-AjAnu
Transcribing agency JO-AjAnu
041 ## - LANGUAGE CODE
Language code of text/sound track or separate title ara
100 #1 - MAIN ENTRY--PERSONAL NAME
Personal name الصمادي، مصطفى حسين مصطفى
9 (RLIN) 66205
Relator term معد
245 #0 - TITLE STATEMENT
Title اثر المهارات الناعمة في تطوير الخدمات في شركات الاتصالات العاملة في الأردن = The impact of Soft Skill Developing Services at Telecomminications Companies in jordan /
Statement of responsibility, etc. إعداد مصطفى حسين مصطفى الصمادي ؛ إشراف نضال فواز حسين القضاة
260 ## - PUBLICATION, DISTRIBUTION, ETC.
Date of publication, distribution, etc. 2024
300 ## - PHYSICAL DESCRIPTION
Extent 96 ورقة
500 ## - GENERAL NOTE
General note رسالة جامعية (ماجستير) .- جامعة عجلون الوطنية (عجلون، الأردن)، كلية الأعمال ، قسم تخصص إدارة الأعمال ، 2024
650 70 - SUBJECT ADDED ENTRY--TOPICAL TERM
Topical term or geographic name entry element شركات الاتصالات- الأردن - ادارة المهارات الناعمة
9 (RLIN) 66207
700 ## - ADDED ENTRY--PERSONAL NAME
Personal name القضاة، نضال فواز حسين
9 (RLIN) 64939
Relator term مشرف
942 ## - ADDED ENTRY ELEMENTS (KOHA)
Source of classification or shelving scheme Library of Congress Classification
Koha item type Thesis
Suppress in OPAC No
Holdings
Withdrawn status Lost status Source of classification or shelving scheme Damaged status Not for loan Home library Current library Date acquired Total Checkouts Full call number Barcode Date last seen Price effective from Koha item type
    Library of Congress Classification     مكتبة جامعة عجلون الوطنية مكتبة جامعة عجلون الوطنية 18/09/2024   HD37 2024 A30039 18/09/2024 18/09/2024 Thesis
    Library of Congress Classification     مكتبة جامعة عجلون الوطنية مكتبة جامعة عجلون الوطنية 18/09/2024   HD37 2024 A30038 18/09/2024 18/09/2024 Thesis